000
00268nam a22001217a 4500
008
170502b xxu||||| |||| 00| 0 eng d
041
_a
eng
080
_a
347
100
_a
13
101
_a
SHJ
245
_a
CONTEMPORARY NORAL ARGUMENTS
_c
VAUGHN.L
942
_2
udc
_c
BK
999
_c
12363
_d
12363